| 000 | 00482nam a2200181Ii 4500 | ||
|---|---|---|---|
| 003 | JO-AjNU | ||
| 008 | 230606s9999||||xx |||||||||||||| ||und|| | ||
| 020 | _a97140-038-3 | ||
| 040 |
_aJO-AjNU _beng _erda _cJO-AjNU |
||
| 041 | _aeng | ||
| 050 | 1 | 4 | _aPS3505.U334.H5 1970 |
| 245 | 0 | 2 | _aA play by e.e. cummings |
| 264 | 3 | 1 | _aNew York :Liveright, 1970 |
| 300 | _a139p | ||
| 336 |
_atext _btxt _2rdacontent |
||
| 337 |
_aunmediated _bn _2rdamedia |
||
| 338 |
_avolume _bnc _2rdacarrier |
||
| 999 |
_aE2844 _c2842 _d2842 |
||